Les 10 capitales les plus proches de Paris - Statistics

General Stats
  • This quiz has been taken 177 times
  • The average score is 6 of 10
Answer Stats
Capital Distance % Correct
Berlin, Allemagne 547 km
92%
Bruxelles, Belgique 263 km
89%
Londres, Royaume-Uni 344 km
89%
Berne, Suisse 438 km
76%
Amsterdam, Pays-Bas 431 km
72%
Dublin, Irlande 584 km
62%
Vienne, Autriche 645 km
55%
Prague, République tchèque 550 km
31%
Vaduz, Liechtenstein 569 km
23%
Ville de Luxembourg, Luxembourg 290 km
2%
No matching quizzes found
Score Distribution
Percent of People with Each Score
Percentile by Number Answered
Your Score History
You have not taken this quiz